000 00585nam a2200193Ia 4500
005 20250326144914.0
008 250326s9999 xx 000 0 und d
020 _a81-7062-033-3
037 _aTextbook
040 _aFMSL
_beng
_cFMSL
041 _aeng
_2eng
084 _aX:89ZB.44 M7
_qFMSL
100 _aAdiseshiah M S
_9124613
245 0 _aForty years of economic development: UN agencies and India
_cAdiseshiah M S
260 _aNew Delhi
_bNew Delhi, Lancer International
_c1987
300 _a287p
942 _cTB
_hX:89ZB.44 M7
999 _c1305559
_d1305559